| 000 | 00464cam a2200157ua 4500 | ||
|---|---|---|---|
| 020 | _c295.00 | ||
| 041 |
_aeng _h |
||
| 100 | _aMahalik, Nitaigour Premchandar . | ||
| 245 |
_aMechatronics: Principles, concepts and applications / _cNitaigour Premchandar Mahalik. _hTextual Documents |
||
| 260 |
_aNew Delhi : _bTata Mc-Graw Hill Publishing Company , _c2003. |
||
| 300 | _a ; . | ||
| 365 | _a295.00 | ||
| 504 | _a | ||
| 942 | _cBK | ||
| 999 |
_c12966 _d12966 |
||